000 00682nam a2200217 a 4500
001 000045721
005 20240409073826.0
008 150506s2010 dr a 000 0 spa d
020 _a9789945002904
040 _aDO-SdBNP
_bspa
_cBNPHU
082 _aRD863.5
_bD159v
100 1 _aDamirón, Anya
_943024
245 1 4 _aLos viajes de Tomás /
_cAnya Damirón, ilustrado por Pablo Pino.
260 _aSanto Domingo :
_bLucia Stories,
_c2010.
300 _a[16] p. :
_bil. ;
_c21 cm.
490 1 _aLucia Stores
650 0 _aCuentos infantiles dominicanos
_9505
650 4 _aLiteratura infantil dominicana
_9441
700 1 2 _aPino, Pablo,
_eil.
_972370
830 0 _aLucia Stores
_973533
999 _c45210
_d45210